Biblioteca

La iglesia ganando almas (Registro nro. 36621)

Detalles MARC
000 -LÍDER
Campo fijo de descripción fija 00825aam a2200277 i 4500
001 - NÚMERO DE CONTROL
Campo de control 768714001
003 - IDENTIFICADOR DEL NÚMERO DE CONTROL
Campo de control CO-MdFUSB
005 - FECHA Y HORA DE LA ULTIMA TRANSACCIÓN
control field 20251115113256.0
007 - CAMPO FIJO DE DESCRIPCIÓN FIJA--INFORMACIÓN GENERAL
Campo fijo de descripción fija ta
008 - ELEMENTOS DE LONGITUD FIJA -- INFORMACIÓN GENERAL
Campo fijo de descripción fija -- Información general 251115txxx -us |||| |||| 00| 0 spa d
040 ## - FUENTE DE CATALOGACIÓN
Agencia que realiza la transcripción CO-MdFUSB
041 0# - CÓDIGO DE IDIOMA
Código de idioma para texto/pista de sonido o título separado spa
082 04 - NÚMERO DE CLASIFICACIÓN DECIMAL DEWEY
Número de la edición del Dewey 23
Número de clasificación 253.1
Clave de autor-Numero de item L6731i
100 1# - ASIENTO PRINCIPAL--NOMBRE PERSONAL
Nombre personal Lewis, V. H.
Término relacionador autor
240 ## - TITULO UNIFORME
Título uniforme <a href="The Church winning souls">The Church winning souls</a>
245 13 - TÍTULO
Título del Material La iglesia ganando almas
Mención de responsabilidad, etc. / V. H. Lewis ; traducido por Ismael E. Amaya
264 #0 - PRODUCCIÓN, PUBLICACIÓN, DISTRIBUCIÓN, MANUFACTURA, Y COPYRIGHT
Nombre del productor, publicador, distribuidor Casa Nazarena de Publicaciones,
Lugar de producción, publicación, distribución, manufactura Kansas, Missouri, USA :
Fecha de producción, publicación, distribución, manufactura, o copyright [Fecha de publicación no identificada]
300 ## - DESCRIPCIÓN FÍSICA
Extensión 96 páginas
336 ## - TIPO DE CONTENIDO
Término de tipo de contenido texto
Código de tipo de contenido txt
Fuente rdacontent
337 ## - TIPO DE MEDIO
Fuente rdamedia
Nombre del tipo de medio sin mediación
Código del tipo de medio n
338 ## - TIPO DE SOPORTE
Fuente rdacarrier
Nombre del tipo de soporte volumen
Código Tipo de soporte nc
563 ## - NOTA DE ENCUADERNACIÓN
Nota de encuadernación Rústico
650 #0 - ASIENTO SECUNDARIO DE MATERIA - TERMINO TEMÁTICO
Término temático o nombre geográfico como elemento de entrada Evangelización
9 (RLIN) 362
942 ## - TIPO DE MATERIAL (KOHA)
Tipo de Item KOHA Libros General
945 ## - INFORMACIÓN LOCAL DEL REGISTRO
Catalogador JTF-925
Existencias
Estado de Material Estado de Perdido Estado de Dañado No para Préstamo Colección Tomo Biblioteca de Origen Biblioteca Permanente Fecha de Adquisición Total de Préstamos Signatura Topográfica Código de Barras Última vez visto Ejemplar/Existencia Fecha de Remplazo Tipo de Material
        Colección General   Biblioteca FUSBC Biblioteca FUSBC 03/01/2005   G 253.1 L6731i 5233 12/12/2019 1 26/01/2016 Libros General
        Colección General   Biblioteca FUSBC Biblioteca FUSBC 03/01/2005   G 253.1 L6731i 5234 19/05/2022 2 26/01/2016 Libros General

Biblioteca FUSBC | Teléfono: (57+4) 349 88 10 Ext. 141| WhatsApp (+57) 3005338115 
E-mail: biblioteca@unisbc.edu.co | Calle 76 87-14 Robledo Palenque, Medellín, Colombia

Con tecnología Koha